000 03651cam a2200457 i 4500
999 _c3035
_d3035
006 m o d
007 cr cnu---unuuu
008 220603t20232023enka ob 001 0 eng c
020 _a9781003275374
_q(electronic book)
020 _a1003275370
_q(electronic book)
020 _a9781000619119
_q(electronic book)
020 _a1000619117
_q(electronic book)
020 _a9781000619195
_q(electronic book)
020 _a1000619192
_q(electronic book)
020 _q(hardback)
020 _q(hardback)
020 _q(paperback)
020 _q(paperback)
040 _aKO
_beng
040 _aKO
_beng
_erda
_epn
041 0 _aeng
082 0 4 _a346.04/695616
_223/eng/20220531
100 1 _aLothian, Sarah Louise,
245 1 0 _aMarine conservation and international law :
_blegal instruments for biodiversity beyond national jurisdiction /
_cSarah Louise Lothian.
260 _aLondon :
_bRoutledge,
_c2023
300 _a1 online resource (xvi, 304 pages) :
_billustrations
490 1 _aRoutledge research in international environmental law
505 0 _aThe promise and limits of international legal protection of BBNJ -- The Grotian tradition and its place in the BBNJ negotiations -- Is it a case of history repeating itself? -- A principled backbone : the potential role of modern governance principles and approaches in an ILBI -- A blueprint for Blue Gold : the search for planks of compromise in an ILBI -- Caught in a geopolitical undertow : marine protected areas beyond national jurisdiction -- Environmental impact assessments : devising a recipe for environmentally sustainable decision-making under an ILBI -- Time to wake the sleeping giant : implementing capacity-building and marine technology transfer in an ILBI -- A bridge to the future protection of BBNJ.
520 _a"This book provides a blueprint for an international legally binding instrument (ILBI) for the conservation and sustainable use of marine biodiversity beyond national jurisdiction (BBNJ). The development of an ILBI could signify a pivotal turning point in the law of the sea by addressing regulatory, governance and institutional gaps and deficiencies in the existing international law framework for BBNJ. This book analyses the essential components an ILBI will require to effectively conserve and sustainably use BBNJ, focusing on marine genetic resources, area based management tools, environmental impact assessments, capacity-building and marine technology transfer. It investigates potential areas of compromise, as the success of an ILBI will rely upon the support of a powerful bloc of maritime states, principally the United States, the United Kingdom, Russia, the Netherlands, France and Japan. This bloc of States has historically been the strongest proponent of the Grotian doctrine of freedom of the seas as it aligns with their predominant interest to preserve navigational freedom for their merchant and military fleets. Accordingly, this book assesses the extent to which the Grotian doctrine continues to exert influence on the development of the law of the sea and the development of an ILBI"--Publisher's description.
650 0 _aMarine resources conservation
_xLaw and legislation.
650 0 _aMarine biodiversity conservation
_xLaw and legislation.
650 0 _aLaw of the sea.
650 0 _aEnvironmental law, International.
650 0 _aContinental shelf
_xLaw and legislation.
830 0 _aRoutledge research in international environmental law.
856 4 0 _uhttps://www.taylorfrancis.com/books/e/9781003275374
904 _aRUDRA_R
905 _aR_RANJAN
942 _cEB
_2ddc